00545nam a2200193 a 4500001001300000003000900013005001700022008004100039020002200080082001500102100002500117245005000142260002500192300000900217500003500226505004800261650001700309700002500326nice12345678IN_TiNIC20260116015044.0050524s2002 dela grp 000 0 eng  a8172148 c9500a275.4bTAL aTalibuddin, Ernest W aAnglican Church in North-East India 1845-1970 aDelhi bISPCK c2002 a167p aincludes index and biblioraphy2 aConclusion, Notes, Postscript, Bibliography aChurch-India1 aTalibuddin, Ernest W